000 00196nam a22000857a 4500
008 170620b xxu||||| |||| 00| 0 eng d
100 _93571
_aSun
245 _aHindi Book
260 _aNew Delhi
_bR.P
_c2012
999 _c6956
_d6956